000 01067nam0a2200289 i 4500
001 RU\NLR\bibl\1883579
005 20260607070743.0
010 _a9785864154410
_97000
021 _aRU
_b2012-16605
_91248
035 _a(NLR Aleph) 001873325
090 _a2691182
_c2691182
100 _a20120323d2011 b y0rusy50 ca
101 0 _arus
102 _aRU
105 _aa |||||||||
200 1 _aСмотрит в зеркало зима
_e[родителям для чтения детям
_fВ. Степанов
_gхудож.: Г. Ремизова]
210 _aМосква
_cАдонис
_d2011
215 _a[14] с.
_cцв. ил.
_d20
225 1 _aМороз - красный нос
300 _aАвт. указан в вып. дан.
700 1 _4070
_7ca
_8rus
_aСтепанов
_bВ. А.
_cдет. писатель
_f1949-
_gВладимир Александрович
_9110482
_3RU\NLR\auth\77431
702 1 _aРемизова
_bГ. И.
_4040
801 0 _aRU
_bNLR
_c20120323
_gRCR
801 1 _aRU
_bNLR
_c20120323
942 _cBOOK
980 _aNBR